Normal view
MARC view
- García, Genaro,
Entry Nombre Personal
001 - NUMERO DE CONTROL
- campo de control: 41449
003 - IDENTIFICADOR DE NUMERO DE CONTROL
- campo de control: MX-MxUPN
005 - FECHA Y HORA DE LA ÜLTIMA TRANSACCIÓN
- campo de control: 20240621130619.0
008 - DATOS DE LONGITUD FIJA
- campo de control de longitud fija: 240429n||acannaabn | aaa |d
010 ## - NÚMERO DE CONTROL DE LA BIBLIOTECA DEL CONGRESO
- Número de control LC: n 50016359
035 ## - NUMERO DE CONTROL
- Número de control: UPN11000013556
035 ## - NUMERO DE CONTROL
- Número de control: (OCoLC)oca00051816
040 ## - FUENTE DE CATALOGACIÓN
- Lenguaje de catalogación: spa
- Agencia de transcripción: DLC
- Agencia original de catalogación: DLC
- Agencia que lo modifica: MX-MxUPN
- Agencia que lo modifica: Uk
- Agencia que lo modifica: MoSU-L
- Agencia que lo modifica: OCoLC
100 1# - ENCABEZAMIENTO - NOMBRE PERSONAL
- Nombre personal: García, Genaro,
- Fechas asociadas con el nombre: 1867-1920
370 ## - LUGAR ASOCIADO
- Fuente del término: $naf
- Associated country: México
670 ## - FUENTE EN LA QUE SE LOCALIZARON DATOS
- Cita de la fuente: LC, 29 abril 2024 :
- Información localizada: (García, Genaro, 1867-1920)
- Uniform Resource Identifier: https://lccn.loc.gov/n50016359
680 ## - NOTA PUBLICA DE ACCESO PÚBLICO
- Frase explicativa de la referencia: Político mexicano, defensor de los derechos de las mujeres e historiador
902 ## - CATALOGADOR
- Catalogador: CAA/180618
